00712 2200169 4500245004000000020002200040250001100062100001100073650002000084005001900104260004200123041001400165084000800179300002300187500032300210336000900533 a7 Hari Menembus WaktucCharonhText a978-602-03-1215-6 aCet. 7 aCharon aNovel Indonesia a20231003143112 aJakartabGramedia Pustaka Utamac2015 aIndonesia a813 a176 hlm. :c20 cm. aMarissa, kesal ketika harus ikut ayahnya ke gedung Albatross, karena itu berarti ia akan bertemu Michael,mantan pacarnya dan Selina,musuh bebuyutan yang telah merebut Michael dari sisinya. Frustasi oleh keadaan situasi, tak sadar Marissa menangis didepan sebuah lukisan dan bergumam seandainya saja ia bisa menghilang. atext